00230 a2200109 4500001000700000020000600007040001100013100003200024240003000056245002500086362000900111171059 a  cMagnum aFreire, Jose Carlos Serrano10aO meu amigo paulinholpor10aO meu amigo paulinho0 a1899